[Event "8th Gibtelecom Masters"]
[Site "Caleta ENG"]
[Date "2010.01.29"]
[Round "4"]
[White "Andre,G"]
[Black "Collier,D"]
[Result "1/2-1/2"]
[WhiteElo "2308"]
[BlackElo "2118"]

1.c4 Nf6 2.Nc3 e6 3.Nf3 b6 4.d4 Bb7 5.a3 Be7 6.d5 exd5 7.cxd5 O-O 8.e4 Re8
9.Bd3 d6 10.O-O c5 11.dxc6 Nxc6 12.Bf4 a6 13.h3 Bf8 14.Qb3 Na5 15.Qc2 Rc8
16.Nd2 b5 17.Rfe1 h6 18.b4 Nc6 19.Bf1 d5 20.exd5 Rxe1 21.Rxe1 Nxd5 22.Nxd5 Qxd5
23.Qe4 Nd4 24.Bd3 Qxe4 25.Nxe4 Ne6 26.Be3 Be7 27.f4 Rd8 28.Bb1 Kf8 29.f5 Bxe4
30.Bxe4 Nd4 31.Kf2 Bf6 32.Rd1 Ke7 33.g3 Be5 34.Kg2 Rd6 35.g4 Kd7 36.Bb7 Kc7
37.Be4 Kd7 38.h4 Kc7 39.Rc1+ Kd7 40.Rd1 Ne2 41.Rxd6+ Kxd6 42.Bb7 Nd4 43.Bxa6 Kc6
44.f6 Bxf6 45.g5 hxg5 46.hxg5 Be5 47.Kh3 Ne6 48.Kg4 Nc7 49.Bc8 Bb2 50.Bc5 Bxa3
51.Bf5 Na6 52.Bf8 Bxb4 53.Bxg7 Bd6 54.Kh4 Nc7 55.Kh3 Bf4 56.Kh4 b4 57.Kg4 Bd2
58.g6  1/2-1/2

[Event "8th Gibtelecom Masters"]
[Site "Caleta ENG"]
[Date "2010.01.31"]
[Round "6"]
[White "Andre,G"]
[Black "Ogada Osir,I"]
[Result "1/2-1/2"]
[WhiteElo "2308"]
[BlackElo "2104"]

1.d4 Nf6 2.c4 e6 3.Nc3 b6 4.Nf3 Bb7 5.a3 Ne4 6.Nxe4 Bxe4 7.Nd2 Bb7 8.e4 d5
9.cxd5 exd5 10.Bd3 dxe4 11.Nxe4 Nc6 12.O-O Be7 13.Re1 Qxd4 14.Be3 Qd7 15.Qc2 Ne5
16.Bf1 Qc6 17.Qxc6+ Nxc6 18.Bf4 O-O-O 19.Rac1 f5 20.Ng3 Bd6 21.Bxd6 Rxd6
22.Nxf5 Rd2 23.g3 Rf8 24.Ne7+ Nxe7 25.Rxe7 c5 26.b4 Rfxf2 27.bxc5 Rc2 28.Rxc2 Rxc2
29.cxb6 axb6 30.Rxg7 h5 31.Rh7 Bf3 32.Rf7 Bc6 33.Rf4 Ra2 34.Rc4 Kd7 35.Rh4 Rxa3
36.Rxh5 Ra2 37.Rf5 Kd6 38.Rf2 Ra1 39.Rb2 Kc5 40.Kf2 b5 41.g4 b4 42.h4 Bd5
43.h5 b3 44.h6 Ra2 45.h7 Rxb2+ 46.Kg3 Rb1 47.h8=Q Rxf1 48.g5 Rg1+ 49.Kf4 Rg2
50.Qc3+ Kd6 51.Qb4+ Kc6 52.Qa4+ Kc5 53.Qa5+ Kc6 54.Qc3+ Kd6 55.Qe5+ Kc6 56.Qe8+ Kd6
57.Qd8+ Kc6 58.Ke5 Re2+ 59.Kd4 Rd2+ 60.Kc3 Rc2+ 61.Kb4 Rg2 62.Qf6+ Kd7 63.Kc5 b2
64.Qg7+ Kc8 65.Kd6 Kb8 66.Qc7+ Ka8 67.Qa5+ Kb8 68.Qxd5 b1=Q 69.Qxg2 Qg6+
70.Ke5 Qg7+ 71.Kf4 Qc7+ 72.Kg4 Qd7+ 73.Kh4 Qh7+ 74.Kg3 Qc7+ 75.Kf2 Qc2+ 76.Kg3 Qc7+
77.Kh4 Qh7+ 78.Kg4 Qd7+ 79.Kf4 Qc7+ 80.Kf5 Qf7+ 81.Ke5 Qe7+ 82.Kd4 Qb4+ 83.Kd3 Qb3+
84.Kd4 Qb4+ 85.Ke3 Qc3+ 86.Ke2 Qc2+ 87.Kf1 Qc1+ 88.Kf2 Qc2+ 89.Kg1 Qd1+ 90.Kh2 Qh5+
91.Kg1  1/2-1/2

[Event "ch-ROU m"]
[Site "Baile Olanesti ROU"]
[Date "2010.02.02"]
[Round "3"]
[White "Dumitrache,D"]
[Black "Chifor,E"]
[Result "1-0"]
[WhiteElo "2472"]
[BlackElo "2247"]

1.d4 Nf6 2.Nf3 e6 3.c4 b6 4.Nc3 Bb4 5.Bg5 h6 6.Bh4 Bb7 7.Nd2 Bxc3 8.bxc3 d6
9.f3 Nbd7 10.e4 e5 11.Bd3 Qe7 12.Nf1 g5 13.Bf2 Nh5 14.Ne3 Nf4 15.a4 Qf6 16.Bf1 Ne6
17.a5 O-O 18.h4 exd4 19.hxg5 Qxg5 20.Nf5 Ne5 21.Nxh6+ Kg7 22.Nf5+ Kg8 23.Bh4 Qf4
24.Bf6 Ng6 25.Ne7+  1-0

[Event "15th HIT Open B"]
[Site "Nova Gorica SLO"]
[Date "2010.02.06"]
[Round "9"]
[White "Ursic,A"]
[Black "Jaksa,C"]
[Result "0-1"]
[WhiteElo "2055"]
[BlackElo "2042"]

1.d4 e6 2.Nf3 Nf6 3.c4 b6 4.Nc3 Bb4 5.a3 Bxc3+ 6.bxc3 Nc6 7.Bg5 h6 8.Bh4 g5
9.Bg3 Bb7 10.e3 Ne4 11.Qc2 Na5 12.Bd3 f5 13.Rb1 d6 14.Rb5 c5 15.O-O O-O 16.Rb2 Qe7
17.Nd2 Nxd2 18.Qxd2 Ba6 19.Qe2 e5 20.Qh5 Kg7 21.h4 Qe8 22.Qd1 Bxc4 23.Bxc4 Nxc4
24.Ra2 f4 25.exf4 exf4 26.Bh2 Qf7 27.dxc5 dxc5 28.hxg5 hxg5 29.Qg4 Qf5 30.Qe2 Ne5
31.f3 Rae8 32.Qd1 Nd3 33.Re2 c4 34.g3 Rxe2 35.Qxe2 Qc5+ 36.Kh1 Qe3 37.Qa2 b5
38.Bg1 Qe6 39.Bd4+ Kg6 40.g4 Rf7 41.Kg2 Re7 42.Qb1 Qc6 43.Qc2 Qe8 44.Bf2 Re2
45.Qb1 Rb2 46.Qd1 Qe2 47.Qxe2 Rxe2 48.Kg1 a6 49.Rd1 Ra2 50.Bc5 Nxc5 51.Rd6+ Kf7
52.Rc6 Na4 53.Rxa6  0-1

[Event "TCh-Eur Seniors"]
[Site "Dresden GER"]
[Date "2010.02.11"]
[Round "2"]
[White "Happel,Hen"]
[Black "Wahlbom,M"]
[Result "1/2-1/2"]
[WhiteElo "2181"]
[BlackElo "2311"]

1.d4 e6 2.Nf3 Nf6 3.c4 b6 4.Nc3 Bb7 5.Bg5 Bb4 6.e3 h6 7.Bh4 g5 8.Bg3 Ne4
9.Qc2 Nxc3 10.bxc3 d6 11.Bd3 f5 12.d5 Na6 13.Nd4 Nc5 14.f3 Nxd3+ 15.Qxd3 c5
16.Qc2 Qf6 17.dxe6 O-O  1/2-1/2

[Event "TCh-Eur Seniors"]
[Site "Dresden GER"]
[Date "2010.02.14"]
[Round "5"]
[White "Wood,P"]
[Black "Macgilchrist,S"]
[Result "1-0"]
[WhiteElo "1904"]
[BlackElo "1817"]

1.Nf3 Nf6 2.d4 e6 3.c4 b6 4.Nc3 Bb4 5.g3 Bb7 6.Bg2 Ne4 7.Qc2 Bxc3+ 8.bxc3 O-O
9.Ng5 f5 10.Nxe4 fxe4 11.Bxe4 Bxe4 12.Qxe4 Nc6 13.O-O Na5 14.Qd3 Qe7 15.e4 d6
16.Be3 Rf7 17.f4 Qd7 18.d5 Raf8 19.Rf2 e5 20.fxe5 Rxf2 21.e6 Qe7 22.Bxf2 Qf6
23.Rf1 Qf3 24.Qxf3 Rxf3 25.Be3 Rxf1+ 26.Kxf1 Nxc4 27.Bg5 Kf8 28.Ke2 Ke8 29.Bf4 h6
30.h4 Ke7 31.Kd3 Na5 32.g4 c6 33.g5 cxd5 34.exd5 h5 35.g6 Nb7 36.Bg5+ Ke8
37.Bf6 Nc5+ 38.Kd4 Kf8 39.Bxg7+ Ke7 40.Bh6 Kf6 41.g7 Nxe6+  1-0

[Event "TCh-Eur Seniors"]
[Site "Dresden GER"]
[Date "2010.02.14"]
[Round "5"]
[White "Seyffer,G"]
[Black "Wahlund,B"]
[Result "0-1"]
[WhiteElo "2048"]
[BlackElo "2095"]

1.d4 Nf6 2.Nf3 e6 3.c4 b6 4.Nc3 Bb7 5.e3 Bb4 6.Bd3 Bxc3+ 7.bxc3 Ne4 8.Qc2 f5
9.a4 a5 10.Ba3 d6 11.O-O Nd7 12.Ne1 c5 13.f3 Nef6 14.e4 fxe4 15.fxe4 O-O
16.Nf3 e5 17.Bc1 Qe8 18.d5 Nh5 19.g3 Bc8 20.Nh4 Rxf1+ 21.Bxf1 Ndf6 22.Be2 Bh3
23.Be3 Qd7 24.Nf5 g6 25.Nh6+ Kg7 26.Qd1 Rf8 27.Bxh5 gxh5 28.Qd3 Ng8 29.Qd2 Rf3
30.Nxg8 Kxg8 31.Bh6 Qe7 32.Be3 Qf7 33.Bf2 Qg6 34.Re1 Rf8 35.Re3 Bg4 36.Kg2 Qf7
37.Qe1 Bf3+ 38.Kg1 Qd7 39.Qf1 Bg4 40.Qb1 Rb8 41.Qb5 Qxb5 42.axb5 a4 43.Re1 a3
44.Kg2 a2 45.Ra1 Ra8 46.Be3 Be2 47.Bg5 Kf7  0-1

[Event "TCh-FIN 2009-10"]
[Site "Finland FIN"]
[Date "2010.02.14"]
[Round "7"]
[White "Niemela,A"]
[Black "Maki,V"]
[Result "1/2-1/2"]
[WhiteElo "2290"]
[BlackElo "2417"]

1.d4 Nf6 2.Nf3 e6 3.c4 b6 4.Nc3 Bb4 5.e3 Bb7 6.Bd3 Ne4 7.O-O f5 8.Ne5 Nf6
9.Na4 Bd6 10.f4 O-O 11.Bd2 Bxe5 12.dxe5 Ne4 13.Be1 Qe8 14.Nc3 Nxc3 15.Bxc3 Qg6
16.Rf2 a5 17.b4 axb4 18.Bxb4 Rd8 19.a4 Na6 20.Be7 Re8 21.Ba3 Bc6 22.Be2 Qf7
23.Bh5 g6 24.Bf3 Nb8 25.Bxc6 Nxc6 26.Rd2 Red8 27.c5 bxc5 28.Bxc5 Qe8 29.Qc2 h6
30.Rad1 h5 31.e4 Kh7 32.exf5 gxf5 33.Rd3 Kh6 34.Rg3 Qf7 35.Rdd3 Rg8 36.Qd1 Rxg3
37.Rxg3 Ra5 38.Qc2 Qe8 39.h3 Qf7 40.Kh2 Qe8 41.Rg5 Qf7 42.Be3 Ne7 43.Qxc7 Rxa4
44.Qxd7 Rc4 45.Qa7 Qe8 46.Qb7 Rc2 47.Rg3 Ng6 48.Qf3 Nh4 49.Qb7 Ng6 50.Qf3 Nh4
51.Qb7 Ng6 52.Qf3  1/2-1/2

[Event "TCh-NED 2009-10"]
[Site "Netherlands NED"]
[Date "2010.03.06"]
[Round "7"]
[White "Werle,J"]
[Black "Swinkels,R"]
[Result "1/2-1/2"]
[WhiteElo "2563"]
[BlackElo "2511"]

1.d4 Nf6 2.c4 e6 3.Nf3 b6 4.Nc3 Bb7 5.a3 d5 6.Bg5 Be7 7.Qa4+ Qd7 8.Qc2 dxc4
9.e3 Bxf3 10.gxf3 b5 11.f4 c6 12.Bxf6 Bxf6 13.Bg2 a6 14.h4 h5 15.Ke2 Ra7
16.Bf3 g6 17.Ne4 Be7 18.Qc3 Rf8 19.a4 Qc7 20.b3 cxb3 21.Qxb3 Kd7 22.Ng5 Qa5
23.Rhc1 bxa4 24.Qxa4 Qxa4 25.Rxa4 Bxg5 26.fxg5 Rb7 27.Rc2 Rc8  1/2-1/2

[Event "TCh-FIN 2009-10"]
[Site "Finland FIN"]
[Date "2010.03.20"]
[Round "8"]
[White "Johansson,Ju"]
[Black "Myller,J"]
[Result "1/2-1/2"]
[WhiteElo "2115"]
[BlackElo "2144"]

1.d4 Nf6 2.Nf3 e6 3.c4 b6 4.Nc3 Bb7 5.Bg5 h6 6.Bh4 Be7 7.d5 Nxd5 8.Nxd5 exd5
9.Qd4 Bxh4 10.Nxh4 Qg5 11.Nf3 Nc6 12.Qc3 d4 13.Nxd4 Nxd4 14.Qxd4 O-O-O 15.h4 Qa5+
16.Qd2 Qc5 17.Rc1 a5 18.Rh3 Rhe8 19.a3 Re4 20.b4 axb4 21.axb4 Qe5 22.c5 bxc5
23.Rxc5 Qd4 24.Qxd4 Rxd4 25.Rhc3 c6 26.R5c4 Rxc4 27.Rxc4 Ba6 28.Rg4 Rg8 29.Rf4 Rf8
30.e3 Bxf1 31.Kxf1 Kc7 32.Ke2 Kb6 33.Kd3 Kb5 34.Kc3 d6 35.h5 f6 36.Rf5+ c5
37.bxc5 dxc5 38.Rd5 Kc6 39.Kc4 Rb8 40.Rxc5+ Kd6 41.Rd5+ Ke6 42.e4 Rb2 43.Rf5 Rd2
44.Kc3 Rd1 45.Kc2 Rd4 46.f3 Rd6 47.Ra5 Rd7 48.Kc3 Ke7 49.Rd5 Rc7+ 50.Kd2 Ke6
51.g4 Ra7 52.Ke3 Rb7 53.Rd3 Ra7 54.Rb3 Rd7 55.Kf4 Ra7 56.Rb5 Rc7 57.Rb6+ Kf7
58.Rd6 Ke7 59.Rd5 Ke6 60.Ra5 Rb7 61.Rc5 Ra7 62.Rb5 Rc7 63.Rb6+ Kf7 64.Rb3 Ke6
65.Ke3 Ra7 66.Rb6+ Ke7 67.Kf4 Kf7 68.Rb5 Ke6 69.Rb3 Rc7 70.Ra3 Rb7 71.Ke3 Rc7
72.Kf4  1/2-1/2

[Event "TCh-FIN 2009-10"]
[Site "Finland FIN"]
[Date "2010.03.20"]
[Round "8"]
[White "Solozhenkin,E"]
[Black "Veingold,A"]
[Result "1/2-1/2"]
[WhiteElo "2493"]
[BlackElo "2468"]

1.d4 Nf6 2.c4 e6 3.Nf3 b6 4.Nc3 Bb7 5.a3 d5 6.cxd5 Nxd5 7.Bd2 Nf6 8.Bg5 Nbd7
9.e4 h6 10.Bxf6 Nxf6 11.Bb5+ c6 12.Bd3 Be7 13.Qe2 a6 14.O-O c5 15.dxc5 bxc5
16.e5 Nd5 17.Nxd5 Qxd5 18.Rac1 O-O 19.Rc4 Rfd8 20.Be4 Qd7 21.Bxb7 Qxb7 22.Rfc1 Rd7
23.h3 Rad8 24.Kh2 Qb5 25.a4 Qb8 26.R1c2  1/2-1/2

[Event "JNBS UWI Masters"]
[Site "Kingston JAM"]
[Date "2010.03.20"]
[Round "7"]
[White "Gareev,T"]
[Black "Lorne,M"]
[Result "1-0"]
[WhiteElo "2585"]
[BlackElo "2091"]

1.d4 Nf6 2.c4 e6 3.Nf3 b6 4.Nc3 Bb7 5.a3 d5 6.cxd5 Nxd5 7.e4 Nxc3 8.bxc3 Bxe4
9.Ne5 Bd6 10.Qg4 Bg6 11.Bb5+ Kf8 12.Bg5 Be7 13.Be3 c6 14.Bc4 Bf6 15.f4 Bxe5
16.fxe5 h5 17.Qf4 Ke7 18.O-O Kd7 19.Rad1 Kc8 20.Bd3 Bxd3 21.Rxd3 Qd5 22.Bd2 Nd7
23.c4 Qxc4 24.Rc3 Qd5 25.Rfc1 c5 26.dxc5 b5 27.Re1 Rf8 28.c6 Nb6 29.Qb4 Re8
30.Rc5 Qd3 31.Rxb5  1-0

[Event "Philadelphia Open"]
[Site "Philadelphia USA"]
[Date "2010.04.01"]
[Round "2"]
[White "Belliard,L"]
[Black "Romanenko,Vl"]
[Result "0-1"]
[WhiteElo "2245"]
[BlackElo "2499"]

1.d4 Nf6 2.c4 e6 3.Nf3 b6 4.Nc3 Bb4 5.Bd2 Bb7 6.a3 Be7 7.Bg5 O-O 8.e3 d5
9.cxd5 exd5 10.Bd3 Ne4 11.Bxe7 Qxe7 12.Rc1 c5 13.O-O Nd7 14.Qe2 Rad8 15.Rfd1 g6
16.Ba6 Ba8 17.Bb5 Nxc3 18.bxc3 Nf6 19.Ne5 c4 20.Qb2 Ne4 21.Re1 f6 22.Nc6 Bxc6
23.Bxc6 Rd6 24.Ba4 f5 25.Re2 Re6 26.Rce1 b5 27.Bc2 Nd6 28.f3 Re8 29.Qb4 Qc7
30.g3 a5 31.Qb1 Qb7 32.Qb2 Rb8 33.Rb1 Qe7 34.Qc1 Ne8 35.Kf2 Nf6 36.h3 Qd6
37.Qb2 Nh5 38.Rg1 Qe7 39.Qc1 f4 40.e4 Rf8 41.gxf4 Nxf4 42.Rg4 Nxe2 43.Kxe2 b4
44.axb4 axb4 45.cxb4 Qxb4 46.e5 Qc3  0-1

[Event "ch-UKR"]
[Site "Alushta UKR"]
[Date "2010.05.06"]
[Round "4"]
[White "Dolgopolov,Alexander"]
[Black "Linker,M"]
[Result "1-0"]
[WhiteElo "2283"]
[BlackElo "2053"]

1.Nf3 Nf6 2.c4 e6 3.Nc3 b6 4.d4 Bb7 5.Bg5 Bb4 6.Nd2 c5 7.a3 cxd4 8.axb4 dxc3
9.bxc3 d5 10.e3 dxc4 11.Nxc4 O-O 12.Qd6 Bd5 13.Qf4 h6 14.Bxf6 Qxf6 15.Qxf6 gxf6
16.Nd6 Rd8 17.Nb5 a5 18.Nc7 Ra7 19.Nb5 Ra8 20.Nc7 Ra7 21.Nxd5 Rxd5 22.Be2 Nc6
23.O-O Rd2 24.Bb5 Rc7 25.Rfc1 Rb2 26.Bf1 Rd7 27.b5 Ne5 28.Rd1 Rdd2 29.f3 Kf8
30.c4 Nd7 31.h3 Nc5 32.Kh2 Ke7 33.Kg3 Nb3 34.Rxd2 Nxd2 35.Bd3 Nb3 36.Rb1 Rxb1
37.Bxb1 a4 38.Kg4 a3 39.Kh5 Nd2 40.Ba2 Nf1 41.e4 f5 42.exf5 Ng3+ 43.Kxh6 Nxf5+
44.Kg5 Ne3 45.g4 Nc2 46.Kh6 Nb4 47.Bb1 a2 48.Bxa2 Nxa2 49.Kg7 Nb4 50.h4 Nd3
51.h5 Nf4 52.h6 Ng6 53.h7 e5 54.h8=Q Nxh8 55.Kxh8 Ke6 56.Kg7 f6 57.Kg6 Ke7
58.Kf5  1-0

[Event "TCh-ISR"]
[Site "Israel ISR"]
[Date "2010.05.07"]
[Round "9"]
[White "Mikhalevski,A"]
[Black "Maryasin,B"]
[Result "1/2-1/2"]
[WhiteElo "2428"]
[BlackElo "2340"]

1.d4 Nf6 2.c4 e6 3.Nf3 b6 4.Nc3 Bb7 5.a3 g6 6.Bg5 h6 7.Bh4 Bg7 8.e3 Nc6 9.d5 Ne7
10.e4 g5 11.Bg3 Ng6 12.Nd4 h5 13.Ncb5  1/2-1/2

[Event "FSIMB May"]
[Site "Budapest HUN"]
[Date "2010.05.10"]
[Round "10"]
[White "Husari,Sa"]
[Black "Csonka,B"]
[Result "1-0"]
[WhiteElo "2334"]
[BlackElo "2197"]

1.c4 Nf6 2.Nf3 b6 3.d4 e6 4.Nc3 Bb7 5.a3 g6 6.Qc2 Bg7 7.e4 d5 8.cxd5 exd5
9.e5 Ne4 10.Bd3 Nxc3 11.bxc3 O-O 12.h4 Qd7 13.h5 Qg4 14.Be3 c5 15.Rh4 Qxg2
16.Ke2 c4 17.Bf5 gxf5 18.Rg1 Qxg1 19.Nxg1 h6 20.Qxf5 Bc8 21.Qf3 Be6 22.Rg4 Bxg4
23.Qxg4 Kh8 24.Qf3 Nc6 25.Qxd5 Rac8 26.Nf3 Ne7 27.Qd7 Rfe8 28.Qxa7 Nd5 29.Bd2 Kg8
30.Nh4 Bxe5 31.dxe5 Rxe5+ 32.Kf1 Rxh5 33.Qd7 Rc7 34.Qg4+  1-0

[Event "TCh-UKR Clubs"]
[Site "Alushta UKR"]
[Date "2010.05.14"]
[Round "2"]
[White "Opryshko,S"]
[Black "Khadzh Khamed,N"]
[Result "1-0"]
[WhiteElo "2237"]
[BlackElo "2015"]

1.d4 Nf6 2.c4 e6 3.Nf3 b6 4.Nc3 Bb4 5.g3 Bb7 6.Bg2 c5 7.a3 cxd4 8.axb4 dxc3
9.bxc3 O-O 10.O-O Qc7 11.c5 bxc5 12.Bf4 Qc8 13.Bd6 Re8 14.Bxc5 Na6 15.Bd4 Nd5
16.Qd3 f6 17.e4 Ne7 18.Nd2 d5 19.exd5 Nxd5 20.Nc4 Qc7 21.Na5 Bc8 22.b5 Nb8
23.c4 Nb6 24.Bxa8 Nxa8 25.c5 Qf7 26.Nc4 Rd8 27.Nd6 Qc7 28.Qe4 Nb6 29.cxb6 axb6
30.Nxc8 Qxc8 31.Bxb6  1-0

[Event "TCh-UKR Clubs"]
[Site "Alushta UKR"]
[Date "2010.05.16"]
[Round "5"]
[White "Borovikov,V"]
[Black "Luzhinsky,V"]
[Result "1-0"]
[WhiteElo "2599"]
[BlackElo "2372"]

1.d4 Nf6 2.Nf3 e6 3.c4 b6 4.Nc3 Bb7 5.a3 d5 6.cxd5 Nxd5 7.e3 g6 8.Bb5+ c6
9.Bd3 Bg7 10.O-O O-O 11.Na4 Nd7 12.e4 Ne7 13.Bg5 h6 14.Be3 Nf6 15.Qe2 Rc8
16.Rac1 Ng4 17.Bf4 g5 18.Bg3 Ng6 19.h3 Nf6 20.Rfd1 Nh5 21.Bh2 Nhf4 22.Qe3 Nxd3
23.Rxd3 Qe7 24.Ne5 Nxe5 25.dxe5 Qc7 26.Rd6 Rfd8 27.Rcd1 Bf8 28.Nc3 f6 29.Rxd8 Rxd8
30.exf6 Rxd1+ 31.Nxd1 e5 32.Qf3 Kf7 33.Ne3 Bc8 34.Nc4  1-0

[Event "XXIX Open A"]
[Site "Zalakaros HUN"]
[Date "2010.05.28"]
[Round "3"]
[White "Kincs,I"]
[Black "Csonka,A1"]
[Result "1/2-1/2"]
[WhiteElo "2259"]
[BlackElo "2385"]

1.d4 Nf6 2.c4 e6 3.Nf3 b6 4.Nc3 Bb4 5.Bg5 h6 6.Bxf6 Qxf6 7.e4 Bb7 8.Bd3 Nc6
9.a3 Bxc3+ 10.bxc3 d6 11.O-O O-O 12.Qe2 e5 13.d5 Ne7 14.Nd2 Ng6 15.g3 Bc8
16.Rfe1 Qg5 17.Qe3 Bd7 18.h4 Qxe3 19.Rxe3 Ne7 20.Ree1 Rae8 21.Kg2 f5 22.exf5 Nxf5
23.Bxf5 Rxf5 24.Re3 Ref8 25.f3 Ba4 26.Rb1 R8f7 27.Rb4 Bd1 28.Rb1 Bc2 29.Rb2 Ba4
30.Rb4 Bd7 31.Rb2 a5 32.Rb1 Ba4  1/2-1/2

[Event "XXIX Open A"]
[Site "Zalakaros HUN"]
[Date "2010.05.31"]
[Round "6"]
[White "Kincs,I"]
[Black "Kilgus,G"]
[Result "1/2-1/2"]
[WhiteElo "2259"]
[BlackElo "2365"]

1.d4 Nf6 2.c4 e6 3.Nf3 b6 4.Nc3 Bb4 5.Bg5 h6 6.Bh4 g5 7.Bg3 Ne4 8.Qc2 Bb7
9.e3 d6 10.Bd3 Bxc3+ 11.bxc3 f5 12.d5 Na6 13.Bxe4 fxe4 14.Qxe4 Qf6 15.h4 O-O-O
16.Qxe6+ Qxe6 17.dxe6 Bxf3 18.gxf3 Nc5 19.e7 Rde8 20.O-O-O Kd7 21.hxg5 hxg5
22.Rxh8 Rxh8 23.Rd5 Ne6 24.c5 bxc5 25.c4 Kxe7 26.Rd3 Nd8 27.Ra3 Nc6 28.f4 g4
29.Ra6 Kd7 30.Kd2 Rb8 31.e4 Rb2+ 32.Ke3 Rc2 33.e5 Rc3+ 34.Kd2 Rc2+ 35.Kxc2 Nb4+
36.Kd2 Nxa6 37.f5 dxe5 38.Bxe5 Nb4 39.Ke3 Nxa2 40.Kf4 Nb4 41.Kxg4 Nd3 42.Bc3 Nxf2+
43.Kf3 Nd3 44.Kg4 Ke7 45.Kf3  1/2-1/2

[Event "XXIX Open A"]
[Site "Zalakaros HUN"]
[Date "2010.06.02"]
[Round "8"]
[White "Molnar,P SVK"]
[Black "Tompa,J"]
[Result "1/2-1/2"]
[WhiteElo "2261"]
[BlackElo "2387"]

1.d4 Nf6 2.c4 e6 3.Nf3 b6 4.Nc3 Bb7 5.a3 d5 6.cxd5 exd5 7.Bg5 Be7 8.Qa4+ c6
9.e3 O-O 10.Bd3 a6 11.O-O Nbd7 12.Rfd1 Ne4 13.Bxe4 dxe4 14.Nxe4 Bxg5 15.Nexg5 Qe7
16.Qc2 Nf6 17.Ne5 Rac8 18.Ng4 g6 19.Nxf6+ Qxf6 20.Ne4 Qe6 21.Rac1 Rfd8 22.Nc3 c5
23.dxc5 Qc6 24.f3 Qxc5 25.Qf2 Rxd1+ 26.Rxd1 b5 27.e4 Qxf2+ 28.Kxf2 b4 29.axb4 Rc4
30.Rd2 Rxb4 31.Ne2 a5 32.Nd4 Kg7 33.Ke3 a4 34.e5 h5 35.h4 Ba6 36.Rc2 Bc4
37.g3 Kf8 38.Ke4 Ba2 39.Rd2 Kg7 40.Ke3 Bc4 41.Rc2 Ba2 42.Rd2 Bc4 43.Kf2 a3
44.bxa3 Ra4 45.Nc2 Be6 46.Rd4 Ra5 47.f4 Rc5 48.Nb4 Rc1 49.Nd5 Ra1 50.Nf6 Rxa3
51.Rd8 Rc3 52.Rg8+ Kh6 53.Rh8+ Kg7 54.Rh7+ Kf8 55.Rh8+ Kg7 56.Rh7+ Kf8 57.Rh8+ Kg7  1/2-1/2

[Event "XXIX Open A"]
[Site "Zalakaros HUN"]
[Date "2010.06.03"]
[Round "9"]
[White "Sonnberger,R"]
[Black "Kincs,I"]
[Result "0-1"]
[WhiteElo "2224"]
[BlackElo "2259"]

1.d4 Nf6 2.c4 e6 3.Nf3 b6 4.Nc3 Bb7 5.g3 Bb4 6.Bg2 Ne4 7.Bd2 Bxc3 8.Bxc3 Nxc3
9.bxc3 O-O 10.O-O d6 11.Qc2 f5 12.Nd2 Bxg2 13.Kxg2 e5 14.a4 Qf6 15.e3 Nc6
16.f4 e4 17.Nb3 Ne7 18.a5 Qf7 19.Nd2 Nc6 20.axb6 cxb6 21.Ra4 Rfc8 22.Nb3 Ne7
23.Rfa1 Rc7 24.R1a3 h5 25.Qa2 Rxc4 26.Rxc4 Qxc4 27.Nd2 Qxa2 28.Rxa2 Nd5 29.Nc4 Nxc3
30.Ra3 Nb5 31.Rb3 Rc8 32.Nxb6 Rc2+ 33.Kh3 Nxd4 34.exd4 axb6 35.Rxb6 Kf7 36.Rxd6 Rd2
37.Kh4 e3 38.Rd5 Rxh2+ 39.Kg5 g6 40.Re5 h4 41.g4 Rg2 42.Rxe3 Rxg4+ 43.Kh6 Rxf4
44.Ra3 Rxd4 45.Ra7+ Kf6 46.Ra6+ Ke5 47.Kxg6 Rd6+  0-1

[Event "ch-PAR"]
[Site "Asuncion URU"]
[Date "2010.06.12"]
[Round "2"]
[White "Benitez Irazusta,Eduardo"]
[Black "Bustos,Sebastian"]
[Result "0-1"]
[WhiteElo "1652"]
[BlackElo "1804"]

1.Nf3 b6 2.c4 Nf6 3.d4 e6 4.Nc3 Bb4 5.Bd2 O-O 6.g3 Ba6 7.b3 c5 8.Bg2 d5 9.cxd5 Bxc3
10.Bxc3 Nxd5 11.Bb2 Nd7 12.O-O Rc8 13.Re1 cxd4 14.Qxd4 N5f6 15.e3 Nc5 16.Qh4 Nd3
17.Red1 Rc2 18.Ba3 Re8 19.Ne5 Rxf2 20.Nxd3 Rxg2+ 21.Kxg2 Bxd3 22.Qd4 Qa8+
23.Kg1 Be2 24.Rd2 Qf3 25.Qf4 Qh5 26.Bb2 e5 27.Qf2 Bf3 28.Rc2 Ne4 29.Qe1 Ng5
30.h4 Be4 31.Rf2 Nf3+ 32.Rxf3 Qxf3 33.Qd2 Qxg3+ 34.Kf1 Qf3+ 35.Qf2 Bd3+ 36.Kg1 Qxf2+
37.Kxf2 f6 38.Rc1 Re7 39.h5 Kf7 40.Ba3 Rd7 41.Rc8 g6 42.Rf8+ Ke6 43.Re8+ Kf5
44.h6 Bb1 45.Rg8 Bxa2 46.Rg7 Rxg7 47.hxg7 Bxb3  0-1

[Event "4th Open"]
[Site "Varna BUL"]
[Date "2010.06.12"]
[Round "1"]
[White "Jojua,D"]
[Black "Soyunlu,N"]
[Result "1-0"]
[WhiteElo "2537"]
[BlackElo "1786"]

1.d4 e6 2.c4 Nf6 3.Nf3 b6 4.Nc3 Bb4 5.Bg5 h6 6.Bh4 g5 7.Bg3 Ne4 8.Qc2 Bb7
9.e3 d6 10.Bd3 f5 11.O-O Bxc3 12.bxc3 Nd7 13.d5 Ndc5 14.Nd4 exd5 15.cxd5 Nxd3
16.Qxd3 Qf6 17.Ne6 Rc8 18.c4 Nc5 19.Qxf5 Qxf5 20.Ng7+ Kd7 21.Nxf5 Ne4 22.Rfd1 Nc3
23.Rd3 Na4 24.Ra3 Nc5 25.f3 a6 26.e4 Ke8 27.Bf2 Nd7 28.Bd4 Ne5 29.c5 bxc5
30.Bxe5 dxe5 31.Rb1 Rb8 32.Rab3  1-0

[Event "45th Capablanca Mem Elite"]
[Site "Havana CUB"]
[Date "2010.06.13"]
[Round "4"]
[White "Short,N"]
[Black "Alekseev,Evgeny"]
[Result "1-0"]
[WhiteElo "2685"]
[BlackElo "2700"]

1.d4 Nf6 2.c4 e6 3.Nf3 b6 4.Nc3 Bb4 5.Qc2 Bb7 6.a3 Bxc3+ 7.Qxc3 O-O 8.e3 d6
9.b4 Nbd7 10.Bb2 Ne4 11.Qb3 f5 12.Be2 Rf6 13.d5 Rg6 14.dxe6 Nf8 15.c5 Nxe6
16.cxd6 cxd6 17.Nd4 d5 18.Nxe6 Rxe6 19.Rd1 Qh4 20.g3 Qh6 21.Rxd5 Bxd5 22.Qxd5 Re8
23.Bb5 Nxf2 24.Kxf2 Qxe3+ 25.Kg2 Rc8 26.Rc1 Rxc1 27.Bxc1 Qe4+ 28.Qxe4 Rxe4
29.Kf2 g6 30.Be3 Kf7 31.Bd3 Re7 32.a4 Rc7 33.a5 bxa5 34.bxa5 Kf6 35.h4 Ke6
36.a6 Kd5 37.Be2 Ke4 38.Bf3+ Kd3 39.Bb7 Rc2+ 40.Kf3  1-0

[Event "Open"]
[Site "Teplice CZE"]
[Date "2010.06.18"]
[Round "7"]
[White "Marikova,J"]
[Black "Volek,R"]
[Result "0-1"]
[WhiteElo "1837"]
[BlackElo "2033"]

1.d4 Nf6 2.c4 e6 3.Nf3 b6 4.Nc3 Bb7 5.Bg5 Bb4 6.Qc2 h6 7.Bxf6 Qxf6 8.e4 Bxc3+
9.bxc3 d6 10.Bd3 e5 11.O-O O-O 12.Rab1 Nc6 13.Qb2 Qf4 14.Nd2 Ne7 15.g3 Qg5
16.f4 exf4 17.Rxf4 Ng6 18.Rf2 Rae8 19.Qc2 h5 20.Nf3 Qg4 21.Nd2 h4 22.Qd1 Qg5
23.Nf3 Qa5 24.Qc2 Qh5 25.Rbf1 Qg4 26.Nxh4 Bxe4 27.Bxe4 Rxe4 28.Nf5 Rfe8 29.Qd2 Re2
30.Qd1 f6 31.Rxe2 Qxe2 32.Qxe2 Rxe2 33.Rf2 Re4 34.Kg2 Kf7 35.Kf3 Re1 36.Ne3 Ne7
37.Re2 Ra1 38.g4 g5 39.Ke4 c6 40.Kd3 Ng6 41.Ke4 Nf4 42.Rf2 Re1 43.Kf3 Ke6
44.Rd2 d5 45.cxd5+ Nxd5 46.Nxd5 Kxd5 47.Rc2 Kc4 48.Kg2 Re6 49.Rc1 Kd3 50.d5 Re2+
51.Kg3 cxd5 52.Rd1+ Rd2  0-1

[Event "14th Master Open"]
[Site "Voronezh RUS"]
[Date "2010.06.19"]
[Round "7"]
[White "Dubov,Danii"]
[Black "Shaposhnikov,E"]
[Result "1/2-1/2"]
[WhiteElo "2416"]
[BlackElo "2550"]

1.d4 Nf6 2.c4 e6 3.Nf3 b6 4.Nc3 Bb7 5.a3 d5 6.Bg5 Be7 7.Qa4+ Bc6 8.Qb3 dxc4
9.Qxc4 a6 10.Bxf6 Bxf6 11.Rd1 b5 12.Qd3 O-O 13.g3 e5 14.dxe5 Qxd3 15.Rxd3 Bxe5
16.Nxe5 Bxh1 17.f3 f6 18.Ng4 Nc6 19.Nf2 Bxf3 20.Rxf3 Ne5 21.Bg2 Rad8 22.Re3 Rfe8
23.Bd5+ Kf8 24.Nd3 Nxd3+ 25.Rxd3 c6 26.Be4 Rxd3 27.Bxd3 g6 28.Ne4 Ke7 29.Kd2 a5  1/2-1/2

[Event "4th Open"]
[Site "Varna BUL"]
[Date "2010.06.20"]
[Round "9"]
[White "Shishkov,M"]
[Black "Dimitrov,R"]
[Result "1/2-1/2"]
[WhiteElo "2277"]
[BlackElo "2393"]

1.d4 Nf6 2.Nf3 e6 3.c4 b6 4.Nc3 Bb7 5.a3 g6 6.d5 d6 7.g3 e5 8.Bg2 Bg7 9.O-O O-O
10.Qc2 Nbd7 11.Rd1 h6 12.Nh4 Nh7 13.Rb1 a6 14.b4 Qe8 15.e4 Qe7 16.Be3 Ndf6
17.h3 Nh5 18.Ne2 Ng5 19.c5 b5 20.Rbc1 Bc8 21.Kh2 Bd7 22.Qd3 Qe8 23.cxd6 cxd6
24.g4 Nf6 25.f3 Qd8 26.Qd2 Ngxe4 27.fxe4 Nxg4+ 28.hxg4 Qxh4+ 29.Kg1 Bxg4
30.Rc6 Rad8 31.Qe1 Qe7 32.Rdc1 f5 33.exf5 gxf5 34.Rc7 Rd7 35.Rxd7 Qxd7 36.Qd2 f4
37.Nxf4 exf4 38.Bxf4 Rf6 39.Qe3 Rg6 40.Kh1 Qf5 41.Bh2 Qh5 42.Qe8+ Kh7 43.Qf7 Qg5
44.Qf4 Qxf4 45.Bxf4 Rf6 46.Bg3 Bf3 47.Rc6 Rf5 48.Rxa6 Bxg2+ 49.Kxg2 Rxd5
50.Bxd6 Rg5+ 51.Kf3 Rg6 52.Rb6 Re6 53.Bc5 Rxb6 54.Bxb6 Bb2 55.Ke4 Bxa3 56.Kd5 Bxb4
57.Kc6 h5 58.Kxb5 Be1 59.Bd8 h4 60.Bxh4 Bxh4  1/2-1/2

[Event "Open"]
[Site "Eforie Nord ROU"]
[Date "2010.06.22"]
[Round "6"]
[White "Manolache,M"]
[Black "Carlsson,P"]
[Result "1/2-1/2"]
[WhiteElo "2527"]
[BlackElo "2479"]

1.d4 e6 2.c4 Nf6 3.Nf3 b6 4.Nc3 Bb4 5.Qc2 Bb7 6.a3 Bxc3+ 7.Qxc3 O-O 8.e3 Ne4
9.Qc2 f5 10.b3 d6 11.Be2 Qe7 12.O-O Rf6 13.d5 c5 14.Bb2 Rh6 15.dxe6 Na6 16.g3 Re8
17.Ne1 Qxe6 18.Ng2 f4 19.Nxf4 Ng5 20.Qc3 Re7 21.f3 Qxe3+ 22.Qxe3 Rxe3 23.Bc1 Nxf3+
24.Bxf3 Rxf3 25.Bd2 g5 26.Rxf3 Bxf3 27.Rf1 Bb7 28.Ng2 Bxg2 29.Kxg2 Rg6 30.Re1 Kf7
31.Rf1+ Ke7 32.Re1+ Kf7 33.Rf1+ Ke7 34.Re1+ Kf7  1/2-1/2

[Event "IsBank TCh-TUR"]
[Site "Konya TUR"]
[Date "2010.07.01"]
[Round "4"]
[White "Genc,C"]
[Black "Arduman,C"]
[Result "1/2-1/2"]
[WhiteElo "2205"]
[BlackElo "2335"]

1.d4 Nf6 2.Nf3 e6 3.c4 b6 4.Nc3 Bb7 5.Bg5 Be7 6.e3 h6 7.Bh4 Ne4 8.Bg5 Nf6
9.Bh4 Ne4 10.Bxe7 Qxe7 11.Qc2 Nxc3 12.Qxc3 O-O 13.Be2 c5 14.O-O d6 15.Rfd1 Nd7
16.dxc5 dxc5 17.Qd2 Rfd8 18.Qd6 Qxd6 19.Rxd6 Kf8 20.Rad1 Ke7 21.Ne1 Nf6 22.Rxd8 Rxd8
23.Rxd8 Kxd8 24.Bd3 Ke7 25.Kf1 Kd6 26.Ke2 e5 27.f4 Ke6 28.h3 Ne8 29.Kd2 Nd6
30.b3 Ne4+  1/2-1/2